[Event "Goch op 24th"]
[Site "Goch"]
[Date "2013.09.07"]
[Round "4"]
[White "Biermann, Stefan"]
[Black "Bieker, Peter"]
[Result "1-0"]
[WhiteElo "1729"]
[BlackElo "1487"]
[PlyCount "59"]
[EventDate "2013.09.05"]
[EventType "swiss"]
[EventRounds "7"]
[EventCountry "GER"]
[SourceTitle "EXT 2015"]
[Source "ChessBase"]
[SourceDate "2014.11.20"]
[SourceVersion "1"]
[SourceVersionDate "2014.11.20"]
[SourceQuality "1"]

1. e4 c6 2. d4 d5 3. e5 c5 4. c3 Nc6 5. f4 e6 6. Nf3 Nge7 7. dxc5 Nf5 8. Bd3 Bxc5 9. Bxf5 exf5 10. Nbd2 0-0 11. Nb3 Qb6 12. Nxc5 Qxc5 13. Qd3 Be6 14. Be3 Qc4 15. Ke2 Qxd3+ 16. Kxd3 Rfd8 17. Bd4 a5 18. a4 Rab8 19. Bb6 Rdc8 20. Nd4 Nxd4 21. cxd4 Ra8 22. Rhc1 Ra6 23. Rxc8+ Bxc8 24. Rc1 Be6 25. Bc7 Bd7 26. Rc5 Rc6 27. b3 Kf8 28. Bxa5 Rxc5 29. dxc5 b5 30. cxb6 1-0

[Event "Goch op 24th"]
[Site "Goch"]
[Date "2013.09.06"]
[Round "3"]
[White "Aymans, Rainer"]
[Black "Biermann, Stefan"]
[Result "1-0"]
[WhiteElo "1887"]
[BlackElo "1729"]
[PlyCount "61"]
[EventDate "2013.09.05"]
[EventType "swiss"]
[EventRounds "7"]
[EventCountry "GER"]
[SourceTitle "EXT 2015"]
[Source "ChessBase"]
[SourceDate "2014.11.20"]
[SourceVersion "1"]
[SourceVersionDate "2014.11.20"]
[SourceQuality "1"]

1. Nf3 d5 2. c4 c6 3. cxd5 cxd5 4. g3 Nf6 5. Bg2 Nc6 6. 0-0 e6 7. b3 Be7 8. Bb2 Bd7 9. d3 0-0 10. Nbd2 Rc8 11. a3 Ne8 12. e4 dxe4 13. dxe4 Qc7 14. Rc1 Qb8 15. Nc4 Rd8 16. Qe2 Nd6 17. Nce5 f6 18. Nxd7 Rxd7 19. e5 fxe5 20. Nxe5 Nxe5 21. Qxe5 Rf7 22. Qxe6 Bd8 23. Bd5 Kh8 24. Be5 Bc7 25. f4 Rfe7 26. Qg4 Nb5 27. Bxc7 Nxc7 28. Rfd1 Qe8 29. Bxb7 Rxd1+ 30. Rxd1 h5 31. Qc8 1-0

[Event "SJNR-ch U18"]
[Site "Kranenburg"]
[Date "2005.01.02"]
[Round "1"]
[White "Van Orsouw, Niclas"]
[Black "Biermann, Stefan"]
[Result "1-0"]
[WhiteElo "1806"]
[BlackElo "1487"]
[PlyCount "51"]
[EventDate "2005.01.02"]
[EventType "swiss"]
[EventRounds "7"]
[EventCountry "GER"]
[SourceTitle "EXT 2007"]
[Source "ChessBase"]
[SourceDate "2006.11.23"]
[SourceVersion "1"]
[SourceVersionDate "2006.11.23"]
[SourceQuality "1"]

1. e4 e5 2. Nc3 Nf6 3. f4 d5 4. fxe5 Nxe4 5. Nf3 Bg4 6. Be2 Nxc3 7. bxc3 c5 8. 0-0 Nc6 9. d4 Be7 10. Be3 c4 11. Qe1 Bf5 12. Qg3 Rg8 13. Ng5 Bg6 14. h4 h6 15. Nf3 Bh7 16. Qf2 f6 17. Bf4 fxe5 18. Nxe5 Nxe5 19. Bxe5 Rf8 20. Qg3 Bf6 21. Rab1 Bxe5 22. Bh5+ Kd7 23. Qxe5 Kc6 24. Qxg7 Be4 25. Qxb7+ Kd6 26. Qa6+ 1-0